Country Flag-Shapes of North America - Statistics

General Stats
  • This quiz has been taken 31 times
  • The average score is 22 of 23
Answer Stats
Picture Answer % Correct
Canada
100%
Jamaica
100%
Mexico
100%
Panama
100%
United States
100%
Belize
96%
Dominican Republic
96%
El Salvador
96%
Guatemala
96%
Nicaragua
96%
St. Lucia
96%
Trinidad and Tobago
96%
Antigua and Barbuda
92%
Bahamas
92%
Barbados
92%
Cuba
92%
Dominica
92%
Haiti
92%
Honduras
92%
St. Vincent and the Grenadines
92%
Costa Rica
88%
St. Kitts and Nevis
88%
Grenada
85%
No matching quizzes found
Score Distribution
Percent of People with Each Score
Percentile by Number Answered
Your Score History
You have not taken this quiz